[Event "Saint Louis Open"]
[Site "?"]
[Date "2010.04.11"]
[Round "2"]
[White "Garnier, Joe"]
[Black "Roush, John"]
[Result "1-0"]
[WhiteElo "1950"]
[BlackElo "1806"]
[PlyCount "41"]
[EventDate "2010.??.??"]
[SourceDate "2010.04.10"]

1. e4 c5 2. Nf3 d6 3. d4 cxd4 4. Nxd4 Nf6 5. Nc3 a6 6. Bg5 e6 7. f4 Qa5 8. Bxf6
gxf6 9. Qf3 Nd7 10. Bc4 Nb6 11. Bb3 Rb8 12. f5 Qe5 13. O-O-O h5 14. fxe6 Bh6+
15. Kb1 fxe6 16. Rhe1 O-O 17. Nf5 Kh7 18. Nxh6 Nd7 19. Nf5 Qxh2 20. Rh1 Ne5 21.
Qe2 1-0

[Event "Saint Louis Open"]
[Site "?"]
[Date "2010.04.11"]
[Round "2"]
[White "Schmidt, Roger"]
[Black "Juengel, Dan"]
[Result "0-1"]
[WhiteElo "1289"]
[BlackElo "1893"]
[PlyCount "70"]
[EventDate "2010.??.??"]
[SourceDate "2010.04.10"]

1. e4 c5 2. Nc3 g6 3. f4 Bg7 4. Nf3 Nc6 5. Bc4 e6 6. O-O Nge7 7. d3 d5 8. Bb5
O-O 9. Bxc6 Nxc6 10. Qe1 a6 11. e5 b5 12. Bd2 Bb7 13. Qf2 Qb6 14. a3 a5 15. Ne2
Rfc8 16. Be3 d4 17. Bd2 Bf8 18. Ng5 Be7 19. Qh4 Bxg5 20. Qxg5 Qd8 21. Qxd8+
Rxd8 22. Ng3 Ne7 23. Rae1 b4 24. axb4 axb4 25. Ra1 Kf8 26. h4 h5 27. Kh2 Ng8
28. Ne4 Bxe4 29. dxe4 Nh6 30. Kg3 Ng4 31. b3 Rxa1 32. Rxa1 d3 33. c3 bxc3 34.
Bxc3 d2 35. Rd1 Rd3# 0-1

[Event "Saint Louis Open"]
[Site "?"]
[Date "2010.04.11"]
[Round "2"]
[White "Jung, Hans"]
[Black "Dushyanth, Reddivari"]
[Result "1/2-1/2"]
[WhiteElo "2147"]
[BlackElo "1954"]
[PlyCount "93"]
[EventDate "2010.??.??"]
[SourceDate "2010.04.10"]

1. e4 e6 2. d3 c5 3. Nd2 Nc6 4. g3 Nge7 5. f4 g6 6. h4 h5 7. Bg2 Bg7 8. Nh3 d5
9. O-O dxe4 10. Nxe4 b6 11. Kh2 Bb7 12. a4 Qc7 13. Nhg5 Nf5 14. Bd2 Bxb2 15.
Rb1 Bg7 16. a5 O-O 17. Bf3 Ncd4 18. Bxh5 Bxe4 19. dxe4 Nh6 20. c3 gxh5 21. cxd4
Ng4+ 22. Kh3 cxd4 23. e5 Rac8 24. axb6 axb6 25. Rc1 Qd7 26. Qe2 Rxc1 27. Bxc1
Qd5 28. Qd3 Qh1+ 29. Rxh1 Nf2+ 30. Kg2 Nxd3 31. Rd1 Nxc1 32. Rxc1 Rd8 33. Ne4
d3 34. Kf3 b5 35. Ke3 Rd5 36. Rd1 Kh7 37. Rxd3 Rxd3+ 38. Kxd3 Kg6 39. Nd6 b4
40. Kc4 f6 41. exf6 Bxf6 42. Kxb4 Be7 43. Kc5 Kf6 44. Kc6 e5 45. fxe5+ Kxe5 46.
Ne8 Kf5 47. Ng7+ 1/2-1/2

[Event "Saint Louis Open"]
[Site "?"]
[Date "2010.04.11"]
[Round "2"]
[White "Giminez, Randy"]
[Black "Vibbert, Sean"]
[Result "0-1"]
[WhiteElo "1800"]
[BlackElo "2110"]
[PlyCount "114"]
[EventDate "2010.??.??"]
[SourceDate "2010.04.10"]

1. d4 d5 2. Nf3 Nf6 3. e3 e6 4. Bd3 b6 5. O-O c5 6. b3 Ba6 7. Bb2 Be7 8. c4
dxc4 9. bxc4 O-O 10. Qc2 Nc6 11. a3 h6 12. Nbd2 Rc8 13. Ne4 cxd4 14. exd4 Nxe4
15. Bxe4 Na5 16. Ne5 Nxc4 17. Nxc4 Bxc4 18. Rfc1 Bg5 19. Rd1 Bd5 20. Qd3 Bxe4
21. Qxe4 Qd5 22. Qxd5 exd5 23. Bc1 Bf6 24. Be3 Rc4 25. Kf1 Rfc8 26. Ra2 Rc3 27.
Ke2 Rb3 28. Rd3 Rb1 29. Rd1 Rxd1 30. Kxd1 Rc4 31. Rd2 Rc3 32. Ra2 Be7 33. a4
Rc4 34. a5 b5 35. a6 Bd8 36. Kd2 Bb6 37. Kd3 Kf8 38. Rb2 b4 39. Rc2 Rc7 40.
Rxc7 Bxc7 41. h3 Ke7 42. Kc2 Kd7 43. Kb3 Bd6 44. Bd2 Kc6 45. Bxb4 Bxb4 46. Kxb4
Kb6 47. h4 h5 48. f3 g6 49. g4 f6 50. gxh5 gxh5 51. f4 f5 52. Kb3 Kxa6 53. Ka4
Kb6 54. Kb4 a5+ 55. Kc3 Kb5 56. Kb3 a4+ 57. Kc3 Ka5 0-1

[Event "Saint Louis Open"]
[Site "?"]
[Date "2010.04.11"]
[Round "2"]
[White "Veech, John"]
[Black "Ramirez, Alejandro"]
[Result "0-1"]
[WhiteElo "2052"]
[BlackElo "2605"]
[PlyCount "60"]
[EventDate "2010.??.??"]
[SourceDate "2010.04.10"]

1. d4 Nf6 2. c4 c5 3. d5 b5 4. Qc2 b4 5. e4 d6 6. f4 g6 7. Nf3 Bg7 8. Bd3 O-O
9. O-O a5 10. Qe2 e6 11. e5 Ne8 12. Nbd2 exd5 13. cxd5 Bb7 14. e6 fxe6 15. dxe6
Nc6 16. Ng5 Qe7 17. Ndf3 Rf6 18. f5 h6 19. fxg6 hxg5 20. Bxg5 Nd4 21. Qe1 Nxf3+
22. gxf3 Rxg6 23. Bxg6 Qxg5+ 24. Qg3 Qxg3+ 25. hxg3 Bxb2 26. Rad1 Bd4+ 27. Kh2
Kg7 28. Bf5 Rd8 29. Bh3 Nc7 30. Rde1 Bd5 0-1

[Event "Saint Louis Open"]
[Site "?"]
[Date "2010.04.11"]
[Round "2"]
[White "Schmidt, Brad"]
[Black "Holliman, Bob"]
[Result "1/2-1/2"]
[WhiteElo "1802"]
[BlackElo "2202"]
[PlyCount "120"]
[EventDate "2010.??.??"]
[SourceDate "2010.04.10"]

1. e4 e6 2. d4 d5 3. e5 c5 4. c3 Nc6 5. Nf3 Qb6 6. Bd3 Bd7 7. dxc5 Bxc5 8. O-O
Qc7 9. b4 Bb6 10. Qe2 Nge7 11. a4 a5 12. b5 Nd8 13. Ba3 Bc5 14. Bxc5 Qxc5 15.
Nbd2 Ng6 16. g3 f5 17. exf6 gxf6 18. c4 O-O 19. cxd5 exd5 20. Rfc1 Qd6 21. Qd1
Ne6 22. Bxg6 hxg6 23. Nc4 Qe7 24. Qxd5 Rad8 25. Qe4 f5 26. Qe5 Bc8 27. Nb6 Qf7
28. Nxc8 Rxc8 29. Rxc8 Rxc8 30. Re1 Nf8 31. Ng5 Qd7 32. Qf6 Qd5 33. Ne6 Nxe6
34. Qxe6+ Qxe6 35. Rxe6 Kf7 36. Rd6 Rc4 37. Rd7+ Kf6 38. Rxb7 Rxa4 39. f4 Rb4
40. b6 a4 41. Ra7 Rxb6 42. Rxa4 Rb2 43. Ra6+ Kg7 44. Re6 Kf7 45. Rd6 Kg7 46.
Rd1 Kh6 47. Rf1 Kh5 48. Rf2 Rb5 49. Kg2 Kg4 50. h3+ Kh5 51. Re2 Rb3 52. Kf2 Ra3
53. Re3 Ra1 54. Kf3 Rf1+ 55. Kg2 Ra1 56. Re8 Kh6 57. g4 fxg4 58. hxg4 Rb1 59.
Re6 Kg7 60. g5 Rb3 1/2-1/2

[Event "Saint Louis Open"]
[Site "?"]
[Date "2010.04.10"]
[Round "?"]
[White "Frye, David"]
[Black "Lodge, Matt"]
[Result "0-1"]
[WhiteElo "306"]
[BlackElo "1228"]
[PlyCount "26"]
[EventDate "2010.??.??"]
[SourceDate "2010.04.10"]

1. Nf3 d5 2. d3 Nc6 3. g3 Nf6 4. Bg2 e5 5. e4 dxe4 6. Ng1 Bc5 7. Bxe4 Nxe4 8.
f3 Nf2 9. Qe2 Nxh1 10. Qg2 Nf2 11. Qxf2 Bxf2+ 12. Kxf2 Qd4+ 13. Be3 Qxb2 0-1

[Event "Saint Louis Open"]
[Site "?"]
[Date "2010.04.10"]
[Round "2"]
[White "Gaul, Tom"]
[Black "Plagemann, Todd"]
[Result "1-0"]
[WhiteElo "1787"]
[BlackElo "1932"]
[PlyCount "105"]
[EventDate "2010.??.??"]
[SourceDate "2010.04.10"]

1. b3 Nc6 2. Bb2 e5 3. e3 d5 4. c4 d4 5. e4 Nf6 6. d3 Be7 7. Be2 O-O 8. g4 Bb4+
9. Kf1 a5 10. a3 Be7 11. Ra2 Be6 12. Bc1 Qd7 13. f3 Ne8 14. Qe1 g6 15. Bd1 Ng7
16. h4 f5 17. h5 f4 18. hxg6 hxg6 19. Rah2 Rae8 20. Qe2 Qd8 21. Rh7 Nh5 22.
gxh5 Kxh7 23. Qg2 g5 24. Nh3 Bxh3 25. Qxh3 Qc8 26. Qg2 Rg8 27. Be2 Ref8 28. Ke1
Qe6 29. Nd2 Nd8 30. Qg4 Rf6 31. Bf1 Qb6 32. Bh3 Ne6 33. Qg1 Nc5 34. Bf5+ Kh6
35. Ke2 Nxb3 36. Qg4 Nxc1+ 37. Rxc1 Bxa3 38. Rg1 Be7 39. Rb1 Bb4 40. Bg6 Qd6
41. Rg1 Rfxg6 42. hxg6 Rxg6 43. Qh5+ Kg7 44. Rh1 Rh6 45. Qxg5+ Rg6 46. Qh5 Rh6
47. Qg5+ Rg6 48. Qh5 Bxd2 49. Qh8+ Kf7 50. Rh7+ Ke6 51. Qe8+ Kf6 52. Qf7+ Kg5
53. Qf5# 1-0

[Event "Saint Louis Open"]
[Site "?"]
[Date "2010.04.10"]
[Round "2"]
[White "Gurevich, Daniel"]
[Black "Dugovic, Daniel"]
[Result "1-0"]
[WhiteElo "2136"]
[BlackElo "1884"]
[PlyCount "111"]
[EventDate "2010.??.??"]
[SourceDate "2010.04.10"]

1. e4 e5 2. Nf3 Nc6 3. d4 exd4 4. Bc4 Nf6 5. e5 d5 6. Bb5 Ne4 7. Nxd4 Bd7 8.
Bxc6 bxc6 9. O-O Bc5 10. f3 Ng5 11. f4 Ne6 12. Be3 Qb8 13. b3 Nxd4 14. Bxd4
Bxd4+ 15. Qxd4 Bf5 16. c3 Bxb1 17. Raxb1 Qb6 18. Kh1 Qxd4 19. cxd4 a5 20. Rfc1
Kd7 21. Rc5 Rhb8 22. a3 Ra6 23. Kg1 Rab6 24. Rc3 Rb5 25. Kf2 c5 26. Rxc5 Rxc5
27. dxc5 Kc6 28. b4 axb4 29. axb4 Kb5 30. Ke3 Ra8 31. f5 Ra2 32. e6 fxe6 33.
fxe6 Ra6 34. Kd4 Rxe6 35. Kxd5 Re2 36. g3 Rxh2 37. Ke6 Rf2 38. Rh1 Rf6+ 39. Kd7
Rf7+ 40. Ke8 Rf3 41. Rxh7 Rxg3 42. Kd7 c6 43. Rh4 g5 44. Rh8 Rd3+ 45. Kc7 Kxb4
46. Kxc6 Rc3 47. Rb8+ Kc4 48. Rg8 Rg3 49. Re8 Kd4 50. Kd6 Kc4 51. c6 Rd3+ 52.
Kc7 Rc3 53. Kd7 Kc5 54. c7 Rd3+ 55. Ke7 Re3+ 56. Kf7 1-0

[Event "Saint Louis Open"]
[Site "?"]
[Date "2010.04.10"]
[Round "2"]
[White "Harris, Peter"]
[Black "Swinger, Nathan"]
[Result "1-0"]
[WhiteElo "1585"]
[BlackElo "1912"]
[PlyCount "109"]
[EventDate "2010.??.??"]
[SourceDate "2010.04.10"]

1. e4 c5 2. Nf3 Nc6 3. d4 cxd4 4. Nxd4 Nf6 5. Nc3 d6 6. Be2 e5 7. Nf3 h6 8. O-O
Be7 9. Re1 Be6 10. Be3 d5 11. exd5 Nxd5 12. Nxd5 Bxd5 13. c4 Be6 14. Qa4 O-O
15. a3 Qc7 16. Rad1 f5 17. b4 f4 18. Bc1 e4 19. Nd4 Nxd4 20. Rxd4 Qe5 21. Bb2
f3 22. Bxf3 Rxf3 23. Rd8+ Rxd8 24. Bxe5 Rfd3 25. Qc2 Bg5 26. Bc3 Rxc3 27. Qxc3
Bd2 28. Qa1 Bxe1 29. Qxe1 Bxc4 30. h3 Bd3 31. Qc3 a6 32. Qc7 Rd5 33. Qxb7 Rg5
34. h4 Rg6 35. Qc8+ Kf7 36. Qd7+ Kf8 37. f3 Bb1 38. Qf5+ Rf6 39. Qc5+ Kf7 40.
fxe4 Bxe4 41. Qc4+ Re6 42. Qc7+ Kf6 43. a4 Bc6 44. Qd8+ Kf7 45. Qc7+ Kf6 46.
Qa5 Be4 47. b5 axb5 48. axb5 Re7 49. Kf2 g6 50. g4 g5 51. hxg5+ hxg5 52. Ke3
Bb7+ 53. Kd4 Be4 54. Qd8 Kf7 55. Qxe7+ 1-0

[Event "Saint Louis Open"]
[Site "?"]
[Date "2010.04.10"]
[Round "2"]
[White "Howlett, Al"]
[Black "Phillips, Daymion"]
[Result "1-0"]
[WhiteElo "1886"]
[BlackElo "1493"]
[PlyCount "79"]
[EventDate "2010.??.??"]
[SourceDate "2010.04.10"]

1. Nf3 d5 2. d4 c6 3. c4 e6 4. Nc3 Bd6 5. e3 f5 6. Be2 Nf6 7. O-O O-O 8. Ne5
Nbd7 9. f4 Ne4 10. Bd2 Kh8 11. Be1 Nxe5 12. fxe5 Be7 13. Nxe4 fxe4 14. Bg3 Bd7
15. Qb3 b6 16. Rac1 Rxf1+ 17. Rxf1 a5 18. a4 Bb4 19. Be1 Qe7 20. Bxb4 Qxb4 21.
Qxb4 axb4 22. Rf7 Rd8 23. cxd5 exd5 24. Re7 c5 25. b3 c4 26. e6 Bc8 27. Bd1 Kg8
28. Kf2 Rf8+ 29. Ke1 c3 30. Be2 h6 31. Bh5 Kh7 32. Bf7 c2 33. Rc7 Ba6 34. Rxc2
Bd3 35. Rc6 b5 36. a5 g6 37. Bxg6+ Kg7 38. Bf7 Kf6 39. a6 Ra8 40. Bh5 1-0

[Event "Saint Louis Open"]
[Site "?"]
[Date "2010.04.10"]
[Round "2"]
[White "Kovalic, Jeffrey"]
[Black "Hua, Margaret"]
[Result "1-0"]
[WhiteElo "1928"]
[BlackElo "1789"]
[PlyCount "119"]
[EventDate "2010.??.??"]
[SourceDate "2010.04.10"]

1. e4 e5 2. Nf3 Nc6 3. Bb5 a6 4. Ba4 Nf6 5. Qe2 d6 6. c3 b5 7. Bc2 Bb7 8. O-O
Be7 9. d3 Qd7 10. Nbd2 O-O 11. Rd1 Rfe8 12. Nf1 Bf8 13. Bg5 Re6 14. Bb3 Ree8
15. Bxf6 gxf6 16. a3 Ne7 17. Nh4 Bc8 18. Qh5 d5 19. Ng3 Qg4 20. exd5 Ng6 21.
Nxg6 fxg6 22. Qxg4 Bxg4 23. f3 Bd7 24. Ne4 Kg7 25. Re1 h6 26. Re2 f5 27. Nd2
Bd6 28. Rae1 c5 29. c4 Rab8 30. Ba2 Kf6 31. g3 Rbc8 32. Kg2 h5 33. Rb1 Rb8 34.
cxb5 axb5 35. Rbe1 Ra8 36. Bb3 Rab8 37. Ra1 Ra8 38. Bc2 Ra7 39. Rae1 Raa8 40.
Ra1 Ra7 41. Ree1 Rea8 42. Rac1 Rc8 43. Bb1 Raa8 44. Nb3 Rab8 45. Re2 c4 46.
dxc4 bxc4 47. Na5 c3 48. b4 Rb5 49. Ba2 Rbb8 50. Nc4 Bc7 51. Rxc3 Bb5 52. Rec2
Bxc4 53. Rxc4 Ke7 54. Rxc7+ Rxc7 55. Rxc7+ Kd8 56. d6 Ra8 57. Be6 f4 58. b5 Ke8
59. Rc8+ Rxc8 60. Bxc8 1-0

[Event "Saint Louis Open"]
[Site "?"]
[Date "2010.04.10"]
[Round "2"]
[White "Krush, Irina"]
[Black "Karlow, Nick"]
[Result "1-0"]
[WhiteElo "2500"]
[BlackElo "2004"]
[PlyCount "68"]
[EventDate "2010.??.??"]
[SourceDate "2010.04.10"]

1. c4 Nf6 2. Nc3 g6 3. e4 d6 4. d4 Bg7 5. Be2 O-O 6. Bg5 c6 7. Qd2 e5 8. d5 Qa5
9. h4 Nbd7 10. Rb1 cxd5 11. cxd5 Qb4 12. a3 Qb3 13. Bd1 Qc4 14. b3 Qc7 15. Nge2
b6 16. Rc1 Ba6 17. O-O Rac8 18. b4 Bc4 19. Re1 a6 20. Ng3 h5 21. Na4 b5 22. Nb2
Nb6 23. a4 Qd7 24. a5 Na8 25. Nxc4 bxc4 26. Be2 Nc7 27. Rxc4 Nb5 28. Rec1 Rxc4
29. Rxc4 Ne8 30. Rc6 Nec7 31. Bxb5 Nxb5 32. Rxa6 Nd4 33. Ne2 Nxe2+ 34. Qxe2 Rc8
1-0

[Event "Saint Louis Open"]
[Site "?"]
[Date "2010.04.10"]
[Round "2"]
[White "Luther, Ronald G"]
[Black "Donofrio, Leo"]
[Result "1-0"]
[WhiteElo "2204"]
[BlackElo "1871"]
[PlyCount "33"]
[EventDate "2010.??.??"]
[SourceDate "2010.04.10"]

1. e4 Nc6 2. Nf3 d5 3. exd5 Qxd5 4. Nc3 Qd6 5. h3 e5 6. Bc4 h6 7. Qe2 a6 8. O-O
Be6 9. Bxe6 Qxe6 10. Re1 Bd6 11. d4 Nxd4 12. Nxd4 exd4 13. Qd1 Be5 14. f4 Qb6
15. Rxe5+ Kf8 16. Nd5 Qa7 17. Qe1 1-0

[Event "Saint Louis Open"]
[Site "?"]
[Date "2010.04.10"]
[Round "2"]
[White "Melekhina, Alisa"]
[Black "Rhee, William W"]
[Result "1-0"]
[WhiteElo "2304"]
[BlackElo "1995"]
[PlyCount "65"]
[EventDate "2010.??.??"]
[SourceDate "2010.04.10"]

1. e4 e6 2. d3 c5 3. Nc3 Nc6 4. g3 g6 5. Bg2 Bg7 6. Be3 d6 7. Qd2 Nd4 8. Nd1
Ne7 9. c3 Ndc6 10. Bh6 O-O 11. h4 Bxh6 12. Qxh6 f6 13. Qd2 Kg7 14. h5 g5 15.
h6+ Kh8 16. f4 g4 17. Ne3 f5 18. Ne2 Rf6 19. d4 Ng8 20. O-O-O Qf8 21. d5 Nce7
22. e5 dxe5 23. fxe5 Rxh6 24. d6 Rxh1 25. Rxh1 Qd8 26. dxe7 Qxd2+ 27. Kxd2 Nxe7
28. Nf4 Bd7 29. Kc1 Nc6 30. Nc4 Kg8 31. Nh5 Rd8 32. Nf6+ Kf8 33. Rxh7 1-0

[Event "Saint Louis Open"]
[Site "?"]
[Date "2010.04.10"]
[Round "2"]
[White "Miles, Kyle"]
[Black "Mclaughlin, Jim"]
[Result "1-0"]
[WhiteElo "1864"]
[BlackElo "2117"]
[PlyCount "73"]
[EventDate "2010.??.??"]
[SourceDate "2010.04.10"]

1. d4 Nf6 2. c4 g6 3. Nc3 Bg7 4. e4 d6 5. Nf3 O-O 6. Be2 e5 7. O-O Nc6 8. d5
Ne7 9. Be3 Ng4 10. Bg5 f6 11. Bh4 Nh6 12. Ne1 g5 13. Bg3 Ng6 14. f3 f5 15. Nd3
Nf4 16. b4 a5 17. a3 axb4 18. axb4 Rxa1 19. Qxa1 Nxd3 20. Bxd3 f4 21. Bf2 g4
22. Kh1 Qg5 23. Nb5 g3 24. Bg1 Bh3 25. Qa2 Bd7 26. Nxc7 gxh2 27. Bb6 Bf6 28. c5
Be7 29. c6 Bc8 30. cxb7 Bxb7 31. Ne6 Qg3 32. Nxf8 Bxf8 33. Qa7 Bc8 34. Bf2 Qg5
35. b5 Qh5 36. b6 Ng4 37. b7 1-0

[Event "Saint Louis Open"]
[Site "?"]
[Date "2010.04.10"]
[Round "2"]
[White "Parmet, Daniel"]
[Black "Cao, Kevin"]
[Result "0-1"]
[WhiteElo "1961"]
[BlackElo "2180"]
[PlyCount "48"]
[EventDate "2010.??.??"]
[SourceDate "2010.04.10"]

1. e4 e5 2. Nf3 Nc6 3. Bc4 Bc5 4. b4 Bxb4 5. c3 Bc5 6. d4 exd4 7. O-O d6 8.
cxd4 Bb6 9. Qb3 Na5 10. Bxf7+ Kf8 11. Qd1 Kxf7 12. Ng5+ Kf8 13. Nc3 h6 14. Qh5
Qe8 15. Qf3+ Nf6 16. e5 hxg5 17. exf6 Qh5 18. fxg7+ Kxg7 19. Qg3 Qh4 20. Qxg5+
Qxg5 21. Bxg5 Bxd4 22. Rac1 Bd7 23. Ne2 Bb6 24. Rc3 Bb5 0-1

[Event "Saint Louis Open"]
[Site "?"]
[Date "2010.04.10"]
[Round "2"]
[White "Rodriguez, Cesareo"]
[Black "Skidmore, Jennifer M"]
[Result "0-1"]
[WhiteElo "1808"]
[BlackElo "1954"]
[PlyCount "34"]
[EventDate "2010.??.??"]
[SourceDate "2010.04.10"]

1. e4 e5 2. f4 Bc5 3. Nf3 d5 4. Nxe5 dxe4 5. Bc4 Nh6 6. Bxf7+ Nxf7 7. Nxf7 Qd4
8. Rf1 Kxf7 9. Qh5+ g6 10. c3 gxh5 11. cxd4 Bxd4 12. f5 Rg8 13. g3 b6 14. Nc3
Nc6 15. Nxe4 Re8 16. d3 Ba6 17. Kd2 Rxe4 0-1

[Event "Saint Louis Open"]
[Site "?"]
[Date "2010.04.10"]
[Round "2"]
[White "Vergilesov, Alex"]
[Black "Gadson, Isaiah"]
[Result "1/2-1/2"]
[WhiteElo "1846"]
[BlackElo "1955"]
[PlyCount "75"]
[EventDate "2010.??.??"]
[SourceDate "2010.04.10"]

1. e4 e6 2. d4 d5 3. exd5 exd5 4. Nc3 Nf6 5. Bg5 Be7 6. Bd3 Bg4 7. f3 Bh5 8.
Qd2 Nbd7 9. O-O-O c6 10. Re1 O-O 11. h4 Bd6 12. g4 Bg6 13. h5 Bxd3 14. Qxd3 Qc7
15. Nge2 Rfe8 16. Bd2 Nf8 17. g5 N6d7 18. g6 fxg6 19. hxg6 Nxg6 20. f4 Nf6 21.
Reg1 Nxf4 22. Qf5 Nxe2+ 23. Nxe2 Qf7 24. Nf4 Re7 25. Rh6 Bxf4 26. Bxf4 Kh8 27.
Be5 Rf8 28. Rxg7 Qxg7 29. Rxf6 Kg8 30. Rxf8+ Qxf8 31. Qg4+ Kf7 32. Qf5+ Ke8 33.
Qc8+ Kf7 34. Qf5+ Kg8 35. Qg4+ Rg7 36. Qe6+ Qf7 37. Qc8+ Qf8 38. Qe6+ 1/2-1/2

[Event "Saint Louis Open"]
[Site "?"]
[Date "2010.04.10"]
[Round "2"]
[White "Voelker, Jim"]
[Black "Howe, Bob"]
[Result "1-0"]
[WhiteElo "2140"]
[BlackElo "1699"]
[PlyCount "93"]
[EventDate "2010.??.??"]
[SourceDate "2010.04.10"]

1. e4 d5 2. exd5 Qxd5 3. Nc3 Qa5 4. d4 c6 5. Bc4 Nf6 6. Nf3 Bf5 7. Bd2 Nbd7 8.
Qe2 e6 9. O-O-O Bb4 10. Nh4 Bg4 11. f3 Bh5 12. g4 Bg6 13. Nxg6 hxg6 14. a3 Bxc3
15. Bxc3 Qc7 16. d5 cxd5 17. Bxd5 O-O-O 18. Ba2 Qf4+ 19. Bd2 Qe5 20. Qc4+ Qc7
21. Qa4 Qc5 22. Rhe1 Nd5 23. Bxd5 exd5 24. Be3 d4 25. Bxd4 Nb6 26. Bxc5 Nxa4
27. Bg1 Rd7 28. Rxd7 Kxd7 29. b3 Nc3 30. Bd4 Nb5 31. Bxg7 Rxh2 32. Bf8 f5 33.
Re7+ Kc8 34. Re5 Nd4 35. Rc5+ Nc6 36. gxf5 gxf5 37. Rxf5 a6 38. Bg7 Rg2 39. Bc3
Kd7 40. Rf7+ Kc8 41. a4 Re2 42. f4 b5 43. axb5 axb5 44. Rf5 b4 45. Rc5 Kd7 46.
Bd2 Rf2 47. Rc4 1-0

[Event "Saint Louis Open"]
[Site "?"]
[Date "2010.04.10"]
[Round "2"]
[White "Wood, Chris"]
[Black "Smith, James Larkin"]
[Result "0-1"]
[WhiteElo "1953"]
[BlackElo "1795"]
[PlyCount "71"]
[EventDate "2010.??.??"]
[SourceDate "2010.04.10"]

1. Nf3 d5 2. d4 Nf6 3. c4 c6 4. Qc2 dxc4 5. Qxc4 Bf5 6. Nc3 e6 7. Bg5 Be7 8.
Nh4 Bg6 9. e3 Nbd7 10. a4 Nd5 11. Bxe7 Qxe7 12. Nxg6 hxg6 13. Be2 N7f6 14. a5
Qc7 15. g3 O-O 16. O-O Rac8 17. Bf3 Nxc3 18. bxc3 e5 19. Rab1 exd4 20. cxd4
Rfd8 21. Qc5 a6 22. Rb3 Rb8 23. Rfb1 Rdc8 24. Qb6 Qe7 25. Qa7 Nd7 26. d5 cxd5
27. Rxb7 Ra8 28. Qd4 Qf6 29. Rxd7 Qxf3 30. Qxd5 Qf6 31. Rd6 Qc3 32. Rb7 Qa1+
33. Kg2 Rf8 34. Qd4 Qxa5 35. Rxg6 f6 36. Rgxg7+ 0-1

[Event "Saint Louis Open"]
[Site "?"]
[Date "2010.04.10"]
[Round "2"]
[White "Bartotto, Derrick"]
[Black "Abrahamyan, Tatev"]
[Result "0-1"]
[WhiteElo "1614"]
[BlackElo "2369"]
[PlyCount "46"]
[EventDate "2010.??.??"]
[SourceDate "2010.04.10"]

1. e4 e6 2. d4 d5 3. e5 c5 4. Bb5+ Nc6 5. Bxc6+ bxc6 6. c3 Qb6 7. Qb3 cxd4 8.
Qxb6 axb6 9. cxd4 Ba6 10. Ne2 c5 11. Nbc3 Ne7 12. Na4 Bxe2 13. Nxb6 Rb8 14.
dxc5 Ba6 15. a4 Nc6 16. a5 Bxc5 17. f4 Bxb6 18. axb6 Rxb6 19. h4 Nd4 20. Kf2
Nb3 21. Ra2 O-O 22. Rd1 Nxc1 23. Rxc1 Bc4 0-1

[Event "Saint Louis Open"]
[Site "?"]
[Date "2010.04.10"]
[Round "2"]
[White "Benjamin, Richard"]
[Black "Hess, Peter"]
[Result "1-0"]
[WhiteElo "2200"]
[BlackElo "1960"]
[PlyCount "61"]
[EventDate "2010.??.??"]
[SourceDate "2010.04.10"]

1. e4 e5 2. Nf3 Nc6 3. Bc4 Be7 4. d3 Nf6 5. O-O d6 6. c3 O-O 7. Bb3 Bg4 8. Nbd2
Na5 9. Bc2 c5 10. h3 Bh5 11. Re1 Re8 12. Nf1 Nc6 13. Ng3 Bg6 14. Nh4 b5 15.
Nhf5 Bf8 16. Qf3 a5 17. Bg5 a4 18. h4 Re6 19. h5 Bxf5 20. exf5 e4 21. Nxe4 Rxe4
22. Rxe4 Ne5 23. Qh3 h6 24. Bh4 Be7 25. Re2 Ra7 26. Rae1 Nd5 27. Bxe7 Rxe7 28.
Qh4 Qe8 29. Kf1 Qd7 30. d4 Nc6 31. Be4 1-0

[Event "Saint Louis Open"]
[Site "?"]
[Date "2010.04.10"]
[Round "2"]
[White "Cheng, Tony"]
[Black "Steiner, Tim C"]
[Result "0-1"]
[WhiteElo "1853"]
[BlackElo "2077"]
[PlyCount "96"]
[EventDate "2010.??.??"]
[SourceDate "2010.04.10"]

1. e4 c5 2. Nf3 d6 3. d4 cxd4 4. Nxd4 Nf6 5. Nc3 g6 6. Be3 Bg7 7. f3 O-O 8. Qd2
Nc6 9. Bc4 Bd7 10. O-O-O Rb8 11. h4 b5 12. Bb3 Ne5 13. h5 Nc4 14. Bxc4 bxc4 15.
hxg6 fxg6 16. Qe2 Qc7 17. Bh6 Rfc8 18. Bxg7 Kxg7 19. Qe3 Rh8 20. g4 e6 21. f4
Nxg4 22. Qg3 h5 23. Qh4 Qd8 24. Qg3 Qe7 25. f5 exf5 26. Nd5 Qe5 27. Qh4 fxe4
28. Rhf1 Rhf8 29. Rfe1 Qxd5 30. Qg3 Qg5+ 31. Kb1 Qf4 32. Qc3 Ne5 33. a3 Rf7 34.
Ne2 Qf3 35. Qd4 Qxa3 36. Rg1 Kh7 37. Kc1 Qa1+ 38. Kd2 Nf3+ 39. Ke3 Nxd4 40.
Rxa1 Nxc2+ 41. Kd2 Nxa1 42. Rxa1 Rxb2+ 43. Ke1 Bh3 44. Ng3 h4 45. Kd1 hxg3 46.
Kc1 c3 47. Rxa7 Rxa7 48. Kd1 Ra1# 0-1

[Event "Saint Louis Open"]
[Site "?"]
[Date "2010.04.10"]
[Round "2"]
[White "Davidson, Robert"]
[Black "Inskeep, Ben"]
[Result "0-1"]
[WhiteElo "1846"]
[BlackElo "2147"]
[PlyCount "90"]
[EventDate "2010.??.??"]
[SourceDate "2010.04.10"]

1. e4 c5 2. Nf3 d6 3. c3 Nf6 4. h3 e6 5. Bd3 Be7 6. O-O O-O 7. Bc2 Nc6 8. d4 d5
9. e5 Ne4 10. Re1 f5 11. exf6 Nxf6 12. Be3 b6 13. Nbd2 Qc7 14. Rc1 Bd6 15. dxc5
bxc5 16. Nb3 Ne7 17. Bg5 e5 18. Qe2 Nc6 19. c4 d4 20. Nfd2 Bb7 21. Ne4 Rae8 22.
Nbd2 Nd8 23. Nxf6+ gxf6 24. Bh6 Rf7 25. Bf5 Kh8 26. Ne4 Bf8 27. Qh5 Bxh6 28.
Qxh6 Qe7 29. Qh5 Rg8 30. Rcd1 Ne6 31. Qh4 Ng5 32. Rd3 Bxe4 33. Bxe4 f5 34. Bd5
Nf3+ 35. Rxf3 Qxh4 36. Bxf7 Rf8 37. Be6 e4 38. Rxf5 Rxf5 39. Bxf5 e3 40. g3 Qf6
41. g4 Qh4 42. Rf1 Qxh3 43. fxe3 dxe3 44. Re1 Qg3+ 45. Kf1 Qf2# 0-1

[Event "Saint Louis Open"]
[Site "?"]
[Date "2010.04.10"]
[Round "2"]
[White "Friedel, Joshua E"]
[Black "Ho, Randy"]
[Result "1-0"]
[WhiteElo "2596"]
[BlackElo "2019"]
[PlyCount "65"]
[EventDate "2010.??.??"]
[SourceDate "2010.04.10"]

1. e4 c5 2. Nf3 g6 3. d4 cxd4 4. Nxd4 Nc6 5. Nc3 Bg7 6. Be3 Nf6 7. Bc4 O-O 8.
Bb3 a5 9. O-O d6 10. Ndb5 Ng4 11. Bg5 h6 12. Bd2 Bd7 13. h3 Nf6 14. Qe2 Rc8 15.
Be3 Be6 16. Bxe6 fxe6 17. f4 Kh7 18. Rad1 Qe8 19. Kh2 Nd7 20. Qg4 Nb4 21. Rf2
Nc5 22. a3 Nba6 23. Rdf1 Nxe4 24. Nxe4 Qxb5 25. Qxe6 Qxb2 26. c4 Qxa3 27. f5
Kh8 28. fxg6 Rg8 29. Bxh6 Bxh6 30. Rf7 Bg7 31. R1f4 Rgf8 32. Rh4+ Kg8 33. Rf3+
1-0

[Event "Saint Louis Open"]
[Site "?"]
[Date "2010.04.11"]
[Round "4"]
[White "Benjamin, Richard"]
[Black "Skidmore, Jennifer M"]
[Result "1-0"]
[WhiteElo "2200"]
[BlackElo "1954"]
[PlyCount "85"]
[EventDate "2010.??.??"]
[SourceDate "2010.04.10"]

1. e4 e5 2. Nf3 d6 3. Bc4 Be7 4. O-O Nf6 5. d3 Bg4 6. Re1 O-O 7. h3 Bh5 8. c3
Nc6 9. Nbd2 Re8 10. Nf1 Bf8 11. Ng3 Bg6 12. Bb3 d5 13. Bg5 Qd6 14. Bxf6 dxe4
15. Bxe5 Nxe5 16. Nxe5 Qxe5 17. Nxe4 Rad8 18. d4 Qf4 19. Nd2 Bd6 20. Nf1 c5 21.
Qg4 Qf6 22. Ne3 h5 23. Qf3 Qxf3 24. gxf3 cxd4 25. cxd4 Bb4 26. Red1 b5 27. Rac1
Rd7 28. a4 a6 29. Rc6 Rd6 30. axb5 axb5 31. Rc7 Ba5 32. Rb7 Rb6 33. Ra7 Bb4 34.
Nd5 Rf6 35. Nxf6+ gxf6 36. Rb7 Re2 37. Rxb5 Bd6 38. Kf1 Re8 39. Rb6 Be7 40. Re1
Bd3+ 41. Kg2 Kf8 42. Rb7 h4 43. Ba4 1-0

[Event "Saint Louis Open"]
[Site "?"]
[Date "2010.04.11"]
[Round "4"]
[White "Inskeep, Ben"]
[Black "Dugovic, Daniel"]
[Result "1-0"]
[WhiteElo "2147"]
[BlackElo "1884"]
[PlyCount "69"]
[EventDate "2010.??.??"]
[SourceDate "2010.04.10"]

1. d4 Nf6 2. c4 g6 3. g3 Bg7 4. Bg2 O-O 5. Nc3 d6 6. Nf3 d5 7. O-O c6 8. Qb3
dxc4 9. Qxc4 Nd5 10. e4 b5 11. Qe2 Nxc3 12. bxc3 c5 13. Rd1 Qa5 14. Be3 Qxc3
15. Rac1 Qa5 16. dxc5 Nc6 17. Nd4 Nxd4 18. Bxd4 e5 19. Bc3 Qa4 20. Qb2 Re8 21.
Rd5 Be6 22. c6 f6 23. Rxb5 Qxa2 24. Qxa2 Bxa2 25. Ba5 Bf8 26. c7 Be6 27. Bf1
Kf7 28. Rb7 Bc8 29. Rb8 Be6 30. c8=Q Rxb8 31. Qc7+ Be7 32. Bc4 Ra8 33. Bd5 Bxd5
34. exd5 Red8 35. Bb4 1-0